Quiz - Kim jestem? - Statystyki

Ogólne statystyki
  • Ten quiz został rozwiązany 11 razy
  • Średni wynik to 6 z 15
Statystyki odpowiedzi
Hint Odpowiedź % Poprawnych
2. Nazywam się Marek Juniusz. Zdradziłem kiedyś mojego dobrego przyjaciela w imię Republiki. Cyceron, najsłynniejszy rzymski orator, zadedykował mi swój traktat o wymowie, doceniając mój talent krasomówczy. Marek Juniusz Brutus
78%
6. Choć z zawodu jestem szanowanym profesorem archeologii, większość czasu spędzam w terenie, uciekając przed wielkimi głazami lub walcząc z nazistami. Mam wiele wspólnego z Lucasem i Spielbergiem. Moja osoba przyczyniła się do zdobycia aż 7 Oscarów, a moją największą fobią są węże. Indiana Jones
56%
10. Urodziłem się w 1878 roku w gruzińskim Gori. Uczyłem się w seminarium duchownym, z którego zostałem wydalony. Wiaczesław Mołotow powiedział o mnie: „zawsze podobał się kobietom”. Jestem jednym z największych zbrodniarzy w historii, bo moje decyzje kosztowały życie dziesiątki milionów ludzi. Józef Stalin
56%
15. Jesteśmy nierozłącznym duetem majsterkowiczów z Czech, którzy każdą, nawet najprostszą naprawę domową potrafią zamienić w widowiskową katastrofę. Choć nasze metody są absurdalne, a skutki naszych działań opłakane, zawsze kończymy pracę z optymizmem, wykonując nasz charakterystyczny gest zgiętą ręką. Jeden z nas zawsze nosi żółtą bluzę i beret z antenką, a drugi czerwoną bluzę i niebieską czapkę z pomponem. Pat i Mat
56%
14. Choć jestem najgroźniejszym złoczyńcą, moim celem nie jest bogactwo ani władza, lecz wprowadzenie czystej anarchii i chaosu. Mój charakterystyczny purpurowy garnitur, zielone włosy oraz biała skóra (często z bliznami w kształcie uśmiechu) to wizerunek, którego fani nigdy nie zapomną. Za genialne wcielenia w moją postać, dwaj aktorzy w różnych odstępach czasu zdobyli pośmiertnego i pierwszoplanowego Oscara. Joker
44%
5. Urodziłem się w 1897 roku w Mönchengladbach. Z wykształcenia byłem doktorem filologii germańskiej, ale świat zapamiętał mnie jako mistrza manipulacji i erystyki. Odegrałem kluczową rolę w ukształtowaniu obecnej tradycji Filharmoników Wiedeńskich, w tym zainicjowaniu słynnych Koncertów Noworocznych. Odebrałem życie sobie i swojej żonie Magdzie, po uprzednim otruciu szóstki naszych dzieci. Joseph Goebbels
44%
7. W 2008 założyłem z przyjaciółmi zespół Star Guard Muffin. Od 2012 jestem liderem zespołu sygnowanego moim nazwiskiem. W 2010 wziąłem solowo udział w trzeciej edycji programu TVN Mam talent i dotarłem do jego finału, w którym zająłem drugie miejsce. W 2012 zwyciężyłem w finale pierwszej edycji programu rozrywkowego TVP2 Bitwa na głosy. Moim ulubionym gatunkiem muzycznym jest reggae. Kamil Bednarek
44%
9. Urodziłem się w 1254 roku w Wenecji w rodzinie kupieckiej. Moje relacje z podróży stały się inspiracją dla samego Krzysztofa Kolumba. Spędziłem 17 lat na dworze potężnego władcy Mongolii i Chin, Kubilaj-chana, służąc mu jako dyplomata i wysłannik. Przemierzyłem legendarny Jedwabny Szlak, a po powrocie do Europy spisałem swoje przygody w dziele znanym jako „Opisanie świata”. Marco Polo
44%
4. Choć kojarzony jestem z okularami i neurotycznymi postaciami, jestem także utalentowanym klarnecistą jazzowym i regularnie występuję z zespołem. Moje filmy zdobyły łącznie cztery Oscary, a ja sam uchodzę za twórcę tzw. „intelektualnej komedii”. Urodziłem się w 1935 roku na Brooklynie, a Manhattan stał się głównym tłem mojej twórczości. Woody Allen
44%
1. Urodziłem się w 1809 roku. W 1992 roku zostałem wpisany do Galerii Sław amerykańskiego wrestlingu. Stoczyłem około 300 walk i przegrałem tylko jedną. Mój ogromny pomnik, przedstawiający mnie na fotelu, znajduje się w parku National Mall w Waszyngtonie. Abraham Lincoln
33%
12. Moja prawdziwa tożsamość pozostaje tajemnicą, choć moje prace, tworzone głównie techniką szablonu, można spotkać na ścianach od Bristolu po Strefę Gazy. W 2018 roku zszokowałem świat, gdy mój obraz „Dziewczynka z balonikiem” uległ samozniszczeniu (pocięciu przez niszczarkę) tuż po tym, jak został sprzedany na aukcji za ponad milion funtów. Jestem najbardziej znanym na świecie artystą street artu, a moje dzieła często niosą przekaz polityczny, antywojenny i antykapitalistyczny. Banksy
33%
3. Jestem znany jako kanibal z Milwaukee lub potwór z Milwaukee. Pierwsze morderstwo popełniłem w 1978 roku. Miałem wtedy 18 lat. Zabiłem i poćwiartowałem siedemnastu mężczyzn i chłopców w latach 1978–1991. Choć skazano mnie na 15 dożywotnich wyroków, mój pobyt w więzieniu trwał krótko – w 1994 roku zostałem zabity przez współwięźnia. Na imię mam Jeffrey. Jeffrey Dahmer
33%
13. Jestem twórcą nowoczesnej analizy funkcjonalnej i najwybitniejszym przedstawicielem Lwowskiej Szkoły Matematycznej. Moje biuro znajdowało się najczęściej w Kawiarni Szkockiej, gdzie wraz z przyjaciółmi zapisywałem dowody matematyczne na blatach stolików lub w specjalnym zeszycie, za którego rozwiązanie zadań można było wygrać żywą gęś. Moje nazwisko nosi jedno z najważniejszych pojęć w matematyce wyższej – specyficzny rodzaj przestrzeni liniowej. Stefan Banach
33%
8. Urodziłem się w 1881 roku w Szkocji. Za moje osiągnięcia, które uratowały miliony ludzkich istnień, otrzymałem Nagrodę Nobla w dziedzinie medycyny. Moje najważniejsze odkrycie było dziełem czystego przypadku – dokonałem go w 1928 roku, gdy po powrocie z urlopu zauważyłem niebieską pleśń na brudnej szalce w laboratorium. Dzięki mojej nieuwadze świat poznał pierwszy antybiotyk, który na zawsze zmienił walkę z bakteriami. Alexander Fleming
22%
11. Choć kojarzony jestem z numerem 23, podczas igrzysk w Barcelonie nosiłem numer 9, a po powrocie z pierwszej emerytury – numer 45. Dwukrotnie przerywałem karierę, z czego raz po to, by spróbować swoich sił w zawodowym baseballu. Status miliardera osiągnąłem dopiero 11 lat po zakończeniu kariery, głównie dzięki inwestycji w zespół Charlotte Hornets. Michael Jordan
22%
Nie znaleziono quizów pasujących do podanych kryteriów
Rozkład punktacji
Procent ludzi z każdym wynikiem
Percentyl według liczby udzielonych odpowiedzi
Twoja historia wyników
Nie rozwiązałeś tego quizu